zpět

Detail výsledku týmu

U Sousedů - Zličín, Praha

Datum a čas kvízu

32.5 Celkem bodů Celkový počet nahraných bodů na tomto kvízu bez doplňovacích otázek.
1. Pořadí na kvízu Konečné umístění týmu na tomto kvízu.

Zaznamenané odpovědi

# Otázka Odpověď Body Výsledky
1. V nabídce jedné plzeňské reali... Zelená Hora, Černí baroni 1
2. 56letá evropská politička byla... Marine Le Pen 1
3. V sobotu byly slavnostně vyhlá... Vladimír Mišík, Kateřina Marie Tichá 1
4. Evropská komise udělila pokut... Mercedes-Benz 0
5. Atmosféra mezi istanbulskými k... José Mourinho 1
6. Miminkovské téma začněme u pro... D 1
7. U prvního miminka nás může pře... smolka 0
8. Ideálně do pár hodin po porodu... vitamín K 0
9. Pro klidný spánek miminka může... bílý šum 1
10. Ve které síti supermarketů a h... Tesco 1